Score 0/25 Timer 04:00
1 Play Today
Scrambled Word Answer % Correct
MAZEAAMAZE
96.2%
RYZACCRAZY
92.2%
TLUKZKLUTZ
88.7%
TRAUZQQUARTZ
87.1%
EOZOOOZE
86.3%
EZIMAMAIZE
85.3%
PATOZTOPAZ
83.8%
GAZGZIZIGZAG
82.1%
TWAZLWALTZ
82%
DAZHRAHAZARD
79.3%
ODNEZDOZEN
79.2%
MIZOGGIZMO
78.8%
ABZRAABAZAAR
78.8%
Scrambled Word Answer % Correct
DIRZLALIZARD
72.8%
ZARRORAZOR
72.4%
ZENLUZNUZZLE
70.1%
LERTZPEPRETZEL
67.2%
ELANEZUVE*VENEZUELA
66%
NIZPUUNZIP
65.9%
CIZAJUZ*JACUZZI
65.7%
LOYOZFFLOOZY
65.1%
ANZSATSTANZA
62.2%
MENYEZENZYME
60.4%
GNATZYE*YANGTZE
50.2%
FUNAZLINEINFLUENZA
29.3%
Remove Ads.
Support Sporcle.
Get the best of Sporcle when you Go Orange. This ad-free experience offers more features, more stats, and more fun while also helping to support Sporcle. Thank you for becoming a member.

You're not logged in!

Compare scores with friends on all Sporcle quizzes.
OR
Log In

Show Comments

Extras

Top Quizzes Today


Score Distribution

Your Account Isn't Verified!

In order to create a playlist on Sporcle, you need to verify the email address you used during registration. Go to your Sporcle Settings to finish the process.

Report this User

Report this user for behavior that violates our Community Guidelines.

Details: